01450 a2200241 4500003000500000005001700005010001700022020002600039035002400065040000900089082001800098100002700116245006600143250001200209260004300221300003400264505069900298650002900997650002401026942001201050999001901062952012701081Nust20221018104327.0 a 2009033736 a9780470743768 (cloth) a(OCoLC)ocn430736639 cNust00a620.00151,ROS1 aRoss, Timothy J.9863210aFuzzy logic with engineering applications /cTimothy J. Ross. a3rd ed. aChichester, U.K. :bJohn Wiley,c2010. axxi, 585 p. :bill. ;c25 cm. aIntroduction (Page-1), Classical Sets and Fuzzy Sets (Page-25), Classical Relations and Fuzzy Relations (Page-48), Properties of Membership Functions, Fuzzification, and Defuzzification (Page-89), Logic and Fuzzy Systems (Page-117), Development of Membership Functions (Page-174), Automated Methods for Fuzzy Systems (Page-211), Fuzzy Systems Simulation (Page-245), Decision Making with Fuzzy Information (Page-276), Fuzzy Classification (Page-332), Fuzzy Pattern Recognition (Page-369), Fuzzy Arithmetic and the Extension Principle (Page-408), Fuzzy Control Systems (Page-437), Miscellaneous Topics (Page-501), Monotone Measures: Belief, Plausibility, Probability, and Possibility (Page-530). 0aEngineering mathematics. 0aFuzzy logic.960142 2ddccBK c189264d189264 00102ddc4070aMCSbMCScGENd2016-12-12o620.00151,ROSpMCS35046r2016-12-08w2016-12-12yBKzAlmirah No.26, Shelf No.5